1405 1557 1949 1109 1382 1027 1809 1291 1253 1996 1213 1350 1146 1262 1896 1062 1179 1212 1802 1097 1672 1312 1969 1751 1213 1408 1259 1451 1615 1977 1871 1811 1659 1179 1345 1644 1402 1498 1559 1591 1996 1197 1758 1660 1362 1884 1676 1284 1718 1795 1740 1080 1394 1511 1828 1724 1101 1077 1571 1231 1373 1166 1810 1383 1913 1591 1615 1794 1250 1962 1406 1901 1607 1366 1715 1110 1712 1137 1728 1048 1697 1292 1311 1320 1390 1640 1967 1303 1518 1752 1267 1322 1139 1500 1979 1507 1189 1988 1886 BCNSPRNW ULIB Ver.6.0+V

เปลี่ยนเป็นภาษาไทย

Change to English
 แสดงรายละเอียดบรรณานุกรม
  กลับหน้าหลัก

Brief Record : Get Marc (ISO 2709) : E-mail record : QR code < ปิดหน้าต่าง
LEADER : 00000nam 2200000uu 4500
001    13399114778
003     ULIB
008    120517s2553||||th 000 0 tha d
020    ^a9749301706
020    ^a9789749301708
060 04 ^aWB537^bม686ค
110 1  ^aมูลนิธิการแพทย์แผนไทยพัฒนา
245 10 ^aคู่มืออบรมการนวดไทย : แบบเชลยศักดิ์ /^cมูลนิธิการแพทย์แผนไทยพัฒนา
250    ^aพิมพ์ครั้งที่ 3
260    ^aกรุงเทพฯ :^bมูลนิธิการแพทย์แผนไทยพัฒนา,^c2553
300    ^a134 หน้า :^bภาพประกอบสี
650  7 ^aการนวด
650  7 ^aคู่มืออบรม^xการนวดไทย
650  7 ^aเชลยศักดิ์
700 0  ^aเพ็ญนภา ทรัพย์เจริญ,^eบรรณาธิการ
945    ^p200^l0^i19063
995    ^aกัณชพร
999    ^aใช้งานได้ทุกระบบ
รายการนี้ยังไม่มีแท็ก
คุณยังไม่ได้ล็อกอิน คุณสามารถมีกิจกรรมร่วมกับเว็บไซต์ได้ แต่ต้องล็อกอินก่อน ::
  ล็อกอิน

รายการสื่อสารสนเทศ

ลำดับที่ ประเภท เลขเรียก/บาร์โค้ด สถานที่ สถานะ
1. วิทยาศาสตร์การแพทย์ และสุขภาพ
วิทยาศาสตร์การแพทย์ และสุขภาพ
สถานะ=หนังสือเก่า
WB537 ม686ค  
  Barcode: 19063
ห้องสมุดวิทยาเขตนครสวรรค์
►ส่วนจัดเก็บหนังสือเก่า นว.
บนชั้น
  ขอยืม

รายการใกล้เคียง
    หัวเรื่อง [การนวด]
    หัวเรื่อง [เชลยศักดิ์]

BibComment


ยังไม่เคยถูกคอมเมนท์

คอมเมนท์ทรัพยากรรายการนี้
  คอมเมนท์: คู่มืออบรมการนวด..


 Copyright 2026. Bcnsprnw @Library